|
|
|
|
| LEADER |
00993nam a2200277 a 4500 |
| 001 |
3707 |
| 003 |
BD-DhAAL |
| 005 |
20150224103108.0 |
| 008 |
150224s1995 mauab b 001 0 eng |
| 010 |
|
|
|a 94079051
|
| 020 |
|
|
|a 0395540097
|
| 020 |
|
|
|a 0395717353 (examination copy)
|
| 040 |
|
|
|a DLC
|c DLC
|d DLC
|d BD-DhAAL
|
| 050 |
0 |
0 |
|a JK1041
|b .S65 1995
|
| 082 |
0 |
0 |
|a 328.73/07
|2 20
|
| 100 |
1 |
|
|a Smith, Steven S.,
|d 1953-
|9 8305
|
| 245 |
1 |
4 |
|a The American Congress /
|c Steven S. Smith.
|
| 260 |
|
|
|a Boston :
|b Houghton Mifflin Co.,
|c c1995.
|
| 300 |
|
|
|a xxi, 485 p. :
|b ill., maps ;
|c 24 cm.
|
| 504 |
|
|
|a Includes bibliographical references (p. 465-468) and indexes.
|
| 541 |
|
|
|e 3707
|
| 610 |
1 |
0 |
|a United States.
|b Congress.
|9 8747
|
| 650 |
|
0 |
|a Legislation
|z United States.
|9 8748
|
| 942 |
|
|
|2 ddc
|c BK
|
| 999 |
|
|
|c 33783
|d 33783
|
| 952 |
|
|
|0 0
|1 0
|2 ddc
|4 0
|6 328_730700000000000_SMI
|7 0
|9 52759
|a SCL
|b SCL
|c GEN
|d 2015-02-24
|e Gift: The Asia Foundation
|l 0
|o 328.7307 SMI
|p 3020003707
|r 2015-02-24
|t 1
|w 2015-02-24
|y BK
|